| 000 | 00520nam a2200193Ia 4500 | ||
|---|---|---|---|
| 003 | OSt | ||
| 005 | 20250819105824.0 | ||
| 008 | 210210b2007 xxu||||| |||| 00| 0 eng d | ||
| 040 | _cAL | ||
| 041 | _aeng | ||
| 082 | _a001.6424 PINT | ||
| 100 |
_aJeevan Pinto _9236396 |
||
| 245 |
_aText book of computer applications _b: for BBM course of Mangalore university |
||
| 260 |
_aMangalore _bMangala Publications. _c2007 |
||
| 300 | _avi,408p | ||
| 690 |
_aComputer Science _9236407 |
||
| 906 | _a062507 | ||
| 942 |
_2ddc _cBK |
||
| 999 |
_c117622 _d117622 |
||